00305 a2200121 4500001000700000020001800007040001100025100002900036240005300065245004800118300000800166362000900174184348 a85-88266-01-6 cMagnum aBrandão, Heliana Maria10aO livro mágico das brincadeiras com papellpor10aO livro mágico das brincadeiras com papel a1930 a2003